South America and Oceania - Sudden Death - Statistics

General Stats
  • This quiz has been taken 50 times
  • The average score is 12 of 16
Answers on the Grid
Answers color-coded by a green-red scale on the quiz's grid according to % correct below.
Belize
Bolivia
Colombia
Comoros
Dominican Republic
Ecuador
El Salvador
Equatorial Guinea
Fiji
Gabon
Grenada
Guyana
Haiti
Ivory Coast
Jamaica
Kiribati
Malawi
Micronesia
Nauru
Nicaragua
Palau
Panama
Papua New Guinea
Paraguay
Saint Lucia
Samoa
Solomon Islands
Suriname
Tanzania
Trinidad and Tobago
Uruguay
Vanuatu
 
Answer Stats
Answer % Correct
South America Ecuador
82%
Oceania Fiji
82%
South America Bolivia
79%
South America Colombia
79%
South America Uruguay
79%
Oceania Kiribati
75%
Oceania Nauru
75%
South America Paraguay
75%
Oceania Vanuatu
75%
Oceania Papua New Guinea
71%
South America Suriname
71%
Oceania Samoa
68%
South America Guyana
64%
Oceania Micronesia
64%
Oceania Palau
64%
Oceania Solomon Islands
64%
No matching quizzes found
Score Distribution
Percent of People with Each Score
Percentile by Number Answered
Your Score History
You have not taken this quiz